[Event "2MCR_3DE_1L_1S"]
[Site "?"]
[Date "2007.??.??"]
[Round "?"]
[White "Jandovsky, Viktor"]
[Black "Lounek, Jan"]
[Result "1/2-1/2"]
[WhiteElo "2275"]
[BlackElo "2425"]
[Annotator "034"]
[PlyCount "82"]
[EventDate "2007.??.??"]
[EventType "corr"]
[EventRounds "1"]
[SourceDate "2007.01.28"]

1. e4 c5 2. Nf3 d6 3. d4 cxd4 4. Nxd4 Nf6 5. Nc3 a6 6. Be3 e5 7. Nb3 Be6 8. f3
Be7 9. Qd2 O-O 10. O-O-O Nbd7 11. g4 Qc7 12. g5 Nh5 13. Kb1 b5 14. Nd5 Bxd5 15.
exd5 Nb6 16. Rg1 g6 17. h4 Rab8 18. Rg4 f5 19. Rb4 Ng3 20. Bd3 Nc4 21. Bxc4
bxc4 22. Na5 f4 23. Bf2 Nf1 24. Qe1 Rxb4 25. Qxb4 Ne3 26. Bxe3 fxe3 27. Nc6
Rxf3 28. Qxc4 Bf8 29. Qxa6 Qf7 30. b4 Rf2 31. Qd3 e2 32. Re1 Rh2 33. a4 Qf2 34.
Qd2 Qf1 35. Ka2 Rh1 36. Rxe2 Qa1+ 37. Kb3 Rb1+ 38. Kc4 Qxa4 39. Na5 Rh1 40. Re4
Be7 41. Nc6 Qa6+ 1/2-1/2

[Event "2MCR_3DE_1L_1S"]
[Site "?"]
[Date "2007.??.??"]
[Round "?"]
[White "Hrdy, Roman"]
[Black "Jandovsky, Viktor"]
[Result "1-0"]
[WhiteElo "2284"]
[BlackElo "2275"]
[Annotator "035"]
[PlyCount "43"]
[EventDate "2007.??.??"]
[EventType "corr"]
[EventRounds "1"]
[SourceDate "2007.01.28"]

1. d4 Nf6 2. Bg5 c5 3. Nc3 cxd4 4. Qxd4 Nc6 5. Qh4 e6 6. e4 Be7 7. O-O-O Qa5 8.
Nf3 a6 9. Bd3 d6 10. Kb1 Bd7 11. Rhe1 h6 12. Bd2 Qc7 13. Qg3 O-O-O 14. Be3 Kb8
15. Nd2 Ne5 16. f4 Nxd3 17. cxd3 g5 18. fxg5 hxg5 19. Nc4 Rdf8 20. Bb6 Qc6 21.
Rc1 Rh4 22. b3 1-0

[Event "2MCR_3DE_1L_1S"]
[Site "?"]
[Date "2007.??.??"]
[Round "?"]
[White "Jandovsky, Viktor"]
[Black "Contos, Vaclav"]
[Result "1/2-1/2"]
[WhiteElo "2275"]
[BlackElo "2200"]
[Annotator "036"]
[PlyCount "81"]
[EventDate "2007.??.??"]
[EventType "corr"]
[EventRounds "1"]
[SourceDate "2007.01.28"]

1. e4 c6 2. d4 d5 3. exd5 cxd5 4. c4 Nf6 5. Nc3 e6 6. Nf3 Bb4 7. cxd5 Nxd5 8.
Bd2 Nc6 9. Bd3 O-O 10. O-O Be7 11. a3 Bf6 12. Qc2 h6 13. Be3 Nce7 14. Ne4 b6
15. Rac1 Bb7 16. Nxf6+ Nxf6 17. Ne5 Rc8 18. Qa4 Qd5 19. f3 Nc6 20. Qb5 Rfd8 21.
Nxc6 Rxc6 22. Qxd5 Nxd5 23. Kf2 Rcd6 24. Rfd1 g5 25. h4 Nxe3 26. Kxe3 f5 27.
hxg5 Rxd4 28. gxh6 f4+ 29. Ke2 Rxd3 30. Rxd3 Ba6 31. Rcc3 Kh7 32. b4 Kxh6 33.
a4 Bxd3+ 34. Rxd3 Rg8 35. Kf2 Kg6 36. Rd6 Kf6 37. Rd4 e5 38. Rd6+ Ke7 39. Rh6
Rf8 40. Ke2 Rf6 41. Rh7+ 1/2-1/2

[Event "2MCR_3DE_1L_2S"]
[Site "?"]
[Date "2007.??.??"]
[Round "?"]
[White "Popelka, Miloslav"]
[Black "Janous, Petr"]
[Result "1/2-1/2"]
[WhiteElo "2147"]
[BlackElo "2236"]
[Annotator "029"]
[PlyCount "64"]
[EventDate "2007.??.??"]
[EventType "corr"]
[EventRounds "1"]
[SourceDate "2007.01.28"]

1. e4 e5 2. Nf3 Nf6 3. Nxe5 d6 4. Nf3 Nxe4 5. d4 d5 6. Bd3 Be7 7. O-O Nc6 8. c4
Nb4 9. Be2 O-O 10. Nc3 Bf5 11. a3 Nxc3 12. bxc3 Nc6 13. Re1 Bf6 14. Bf4 Rc8 15.
Bd3 Bxd3 16. Qxd3 dxc4 17. Qxc4 Na5 18. Qa4 c6 19. Be5 b6 20. Bxf6 Qxf6 21. c4
Qd8 22. Rad1 Qc7 23. c5 Rfe8 24. d5 b5 25. Rxe8+ Rxe8 26. Qb4 cxd5 27. Qxb5 Rb8
28. Re1 h6 29. Re8+ Rxe8 30. Qxe8+ Kh7 31. Qb5 Kg8 32. g3 Nc6 1/2-1/2

[Event "2MCR_3DE_1L_2S"]
[Site "?"]
[Date "2007.??.??"]
[Round "?"]
[White "Pravec, Ladislav"]
[Black "Mikoska, Josef"]
[Result "1/2-1/2"]
[WhiteElo "2352"]
[BlackElo "2169"]
[Annotator "030"]
[PlyCount "55"]
[EventDate "2007.??.??"]
[EventType "corr"]
[EventRounds "1"]
[SourceDate "2007.01.28"]

1. d4 Nf6 2. c4 e6 3. Nf3 b6 4. g3 Ba6 5. b3 Bb4+ 6. Bd2 Be7 7. Bg2 c6 8. Bc3
d5 9. Nbd2 Nbd7 10. O-O O-O 11. Re1 c5 12. e4 dxc4 13. Nxc4 Bb7 14. e5 Ne4 15.
Bb2 b5 16. Ne3 cxd4 17. Nxd4 Qb6 18. Ndf5 Bc5 19. Nxg7 Nxf2 20. Kxf2 Kxg7 21.
Bxb7 Qxb7 22. Qg4+ Kh8 23. Qf3 Qxf3+ 24. Kxf3 Rac8 25. Rac1 Kg7 26. Red1 Bxe3
27. Kxe3 Nb6 28. a3 1/2-1/2

[Event "2MCR_3DE_1L_3S"]
[Site "?"]
[Date "2007.??.??"]
[Round "?"]
[White "Krouzel, Jaroslav"]
[Black "Fric, Pavel"]
[Result "1/2-1/2"]
[WhiteElo "2298"]
[BlackElo "2184"]
[Annotator "032"]
[PlyCount "71"]
[EventDate "2007.??.??"]
[EventType "corr"]
[EventRounds "1"]
[SourceDate "2007.01.28"]

1. d4 Nf6 2. c4 e6 3. Nc3 c5 4. d5 exd5 5. cxd5 d6 6. e4 g6 7. f4 Bg7 8. Bb5+
Nfd7 9. a4 O-O 10. Nf3 Na6 11. O-O Nb4 12. Re1 a6 13. Bf1 Re8 14. h3 f5 15. Qb3
fxe4 16. Nxe4 Nf6 17. Nxf6+ Bxf6 18. Bd2 Rxe1 19. Rxe1 Bf5 20. Bc3 b5 21. axb5
axb5 22. Bxb4 cxb4 23. Qxb4 Qb6+ 24. Kh2 Ra4 25. Qxb5 Qxb5 26. Bxb5 Rxf4 27. b3
g5 28. Kg3 h5 29. Re8+ Kg7 30. Bc4 h4+ 31. Kf2 g4 32. hxg4 Bd7 33. Re2 Bd4+ 34.
Ke1 Bc3+ 35. Kf2 Bd4+ 36. Ke1 1/2-1/2

[Event "2MCR_3DE_1L_3S"]
[Site "?"]
[Date "2007.??.??"]
[Round "?"]
[White "Pytlik, Lesek"]
[Black "Mezera, Lukas"]
[Result "1/2-1/2"]
[WhiteElo "2382"]
[BlackElo "2285"]
[Annotator "033"]
[PlyCount "62"]
[EventDate "2007.??.??"]
[EventType "corr"]
[EventRounds "1"]
[SourceDate "2007.01.28"]

1. e4 c5 2. Nf3 d6 3. d4 cxd4 4. Nxd4 Nf6 5. Nc3 g6 6. Be3 Bg7 7. f3 O-O 8. Qd2
Nc6 9. O-O-O d5 10. exd5 Nxd5 11. Nxc6 bxc6 12. Bd4 e5 13. Bc5 Re8 14. Nxd5
cxd5 15. Qxd5 Qxd5 16. Rxd5 Be6 17. Rd6 Bxa2 18. b3 Rec8 19. Rd5 a5 20. Kb2 a4
21. Bb5 axb3 22. cxb3 e4+ 23. Bd4 Rc5 24. Rxc5 Bxd4+ 25. Rc3 exf3 26. gxf3 Bxb3
27. Kxb3 Bxc3 28. Kxc3 Ra3+ 29. Kd4 Rxf3 30. Re1 Rf2 31. Re2 Rxe2 1/2-1/2

[Event "2MCR_3DE_1L_1S"]
[Site "?"]
[Date "2007.??.??"]
[Round "?"]
[White "Soucha, Stepan"]
[Black "Novak, Vratislav"]
[Result "1-0"]
[WhiteElo "2353"]
[BlackElo "2292"]
[Annotator "037"]
[PlyCount "43"]
[EventDate "2007.??.??"]
[EventType "corr"]
[EventRounds "1"]
[SourceDate "2007.01.28"]

1. d4 d5 2. c4 e6 3. Nc3 Nf6 4. cxd5 exd5 5. Bg5 Nbd7 6. e3 c6 7. Bd3 Bd6 8.
Nf3 h6 9. Bh4 O-O 10. Qc2 Nb6 11. O-O-O Be6 12. Rdg1 Be7 13. g4 Ne4 14. g5 hxg5
15. Bxe4 gxh4 16. Bf5 Qc8 17. Bh7+ Kh8 18. Bd3 Nd7 19. Qd1 g6 20. Ne2 Nf6 21.
Nf4 Bg4 22. Bxg6 1-0

[Event "2MCR_3DE_1L_1S"]
[Site "?"]
[Date "2007.??.??"]
[Round "?"]
[White "Soucha, Stepan"]
[Black "Lounek, Jan"]
[Result "1/2-1/2"]
[WhiteElo "2353"]
[BlackElo "2425"]
[Annotator "038"]
[PlyCount "63"]
[EventDate "2007.??.??"]
[EventType "corr"]
[EventRounds "1"]
[SourceDate "2007.01.28"]

1. d4 Nf6 2. c4 e6 3. Nf3 d5 4. Nc3 Be7 5. Bg5 h6 6. Bh4 O-O 7. e3 b6 8. Bd3
Bb7 9. O-O Nbd7 10. Qe2 c5 11. Bg3 Ne4 12. cxd5 exd5 13. Rad1 Nxg3 14. hxg3 c4
15. Bb1 a6 16. e4 dxe4 17. Ne5 b5 18. Bxe4 Bxe4 19. Qxe4 Nf6 20. Qc6 Bb4 21. a4
Bxc3 22. bxc3 Qd5 23. Rfe1 Rfe8 24. Qc7 bxa4 25. Ra1 Rac8 26. Qa7 Ne4 27. Re3
Rb8 28. Qxa6 Nxc3 29. Rxc3 Qxd4 30. Qxc4 Qxe5 31. Rcc1 Qf5 32. Rxa4 1/2-1/2

[Event "2MCR_3DE_1L_2S"]
[Site "?"]
[Date "2007.??.??"]
[Round "?"]
[White "Valak, Alois"]
[Black "Mikoska, Josef"]
[Result "1-0"]
[WhiteElo "2353"]
[BlackElo "2169"]
[Annotator "031"]
[PlyCount "71"]
[EventDate "2007.??.??"]
[EventType "corr"]
[EventRounds "1"]
[SourceDate "2007.01.28"]

1. d4 Nf6 2. Nf3 g6 3. c4 Bg7 4. Nc3 O-O 5. e4 d6 6. Be2 c5 7. d5 e6 8. Bg5 h6
9. Be3 exd5 10. exd5 Ng4 11. Bf4 Na6 12. h3 Nf6 13. O-O Re8 14. Bd3 Qb6 15. Qd2
Kh7 16. a3 Bd7 17. Bh2 Kg8 18. Rab1 g5 19. Qc2 Rad8 20. Nd2 Re7 21. Nde4 Nxe4
22. Nxe4 Bc8 23. Ng3 Rde8 24. Bh7+ Kh8 25. Bf5 Bd7 26. Bxd7 Rxd7 27. Nf5 Qd8
28. f4 f6 29. fxg5 fxg5 30. Nxg7 Kxg7 31. Qc3+ Kg6 32. Rf3 Rf8 33. Re1 Nc7 34.
Re6+ Nxe6 35. Qd3+ Kg7 36. dxe6 1-0

[Event "2MCR_3DE_1L_1S"]
[Site "?"]
[Date "2007.??.??"]
[Round "?"]
[White "Straka, Zdenek"]
[Black "Ryvova, Anna"]
[Result "1/2-1/2"]
[WhiteElo "2398"]
[BlackElo "2254"]
[Annotator "039"]
[PlyCount "70"]
[EventDate "2007.??.??"]
[EventType "corr"]
[EventRounds "1"]
[SourceDate "2007.01.28"]

1. c4 e5 2. Nc3 Nf6 3. Nf3 Nc6 4. g3 Bb4 5. Bg2 O-O 6. O-O e4 7. Ng5 Bxc3 8.
bxc3 Re8 9. f3 e3 10. d3 d5 11. Qb3 Na5 12. Qa3 c6 13. cxd5 cxd5 14. f4 Bg4 15.
Nf3 Nc6 16. h3 Bd7 17. Kh2 b5 18. Qc5 Rc8 19. Bxe3 d4 20. Bxd4 Nxd4 21. Qxd4
Rxe2 22. Ne5 b4 23. Rfe1 Rxe1 24. Rxe1 bxc3 25. Qxa7 Be8 26. Rc1 h5 27. a4 h4
28. g4 Qd6 29. Qe3 Bxa4 30. Nc4 Qb6 31. Qd4 Bc6 32. Bxc6 Rxc6 33. Rxc3 Re6 34.
Rc2 Qb1 35. Rb2 Qc1 1/2-1/2

[Event "2MCR_3DE_1L_2S"]
[Site "?"]
[Date "2007.??.??"]
[Round "?"]
[White "Hala, Martin"]
[Black "Popelka, Miloslav"]
[Result "1/2-1/2"]
[WhiteElo "2368"]
[BlackElo "2147"]
[Annotator "032"]
[PlyCount "61"]
[EventDate "2007.??.??"]
[EventType "corr"]
[EventRounds "1"]
[SourceDate "2007.01.28"]

1. e4 c5 2. Nf3 d6 3. d4 cxd4 4. Nxd4 Nf6 5. Nc3 a6 6. Bc4 e6 7. Bb3 b5 8. Qf3
Bb7 9. O-O Nbd7 10. Re1 Nc5 11. Bd5 Nxd5 12. Nxd5 Rc8 13. c3 Be7 14. Nxe7 Qxe7
15. Qg4 O-O 16. f3 Nd3 17. Rd1 Nxc1 18. Raxc1 Rfd8 19. Rc2 d5 20. e5 Rc4 21. f4
Bc8 22. Rd3 Bd7 23. Rg3 f5 24. Qe2 Rdc8 25. Qd2 Qc5 26. Rd3 Qc7 27. a3 a5 28.
Kh1 b4 29. axb4 axb4 30. h3 h6 31. Qe3 1/2-1/2

[Event "2MCR_3DE_1L_2S"]
[Site "?"]
[Date "2007.??.??"]
[Round "?"]
[White "Prochazka, Dalibor"]
[Black "Pecka, Josef"]
[Result "0-1"]
[WhiteElo "2200"]
[BlackElo "2290"]
[Annotator "033"]
[PlyCount "76"]
[EventDate "2007.??.??"]
[EventType "corr"]
[EventRounds "1"]
[SourceDate "2007.01.28"]

1. e4 e5 2. f4 exf4 3. Bc4 d5 4. exd5 Qh4+ 5. Kf1 Bd6 6. Nc3 Ne7 7. Ne4 O-O 8.
Qe1 Qh6 9. Qf2 Bf5 10. Nxd6 Qxd6 11. d3 Nxd5 12. Ne2 Nc6 13. Bxf4 Nxf4 14. Qxf4
Qc5 15. Qf2 Qa5 16. Kg1 Be6 17. Bxe6 fxe6 18. Qe3 Nb4 19. Nd4 Rf6 20. h4 Qb6
21. c3 Nd5 22. Qe2 Nf4 23. Qc2 Rd8 24. g3 Rxd4 25. cxd4 Qxd4+ 26. Kh2 Nd5 27.
Rhf1 Ne3 28. Qe2 Rxf1 29. Rxf1 Nxf1+ 30. Kg2 Ne3+ 31. Kf3 Nd5 32. Qxe6+ Kf8 33.
Qc8+ Ke7 34. Qxb7 h5 35. Qb5 Qe3+ 36. Kg2 Qe2+ 37. Kh3 Qf1+ 38. Kh2 Nf6 0-1

[Event "2MCR_3DE_1L_1S"]
[Site "?"]
[Date "2007.??.??"]
[Round "?"]
[White "Vozda, Jindrich"]
[Black "Svoboda, Frantisek"]
[Result "1/2-1/2"]
[WhiteElo "2469"]
[BlackElo "2388"]
[Annotator "040"]
[PlyCount "53"]
[EventDate "2007.??.??"]
[EventType "corr"]
[EventRounds "1"]
[SourceDate "2007.01.28"]

1. e4 e6 2. c4 d5 3. exd5 exd5 4. cxd5 Nf6 5. Bb5+ Nbd7 6. Nc3 Be7 7. Nf3 O-O
8. d4 Nb6 9. O-O Nbxd5 10. Re1 c6 11. Bc4 Be6 12. Bb3 h6 13. Ne5 Re8 14. Qf3
Qb6 15. Be3 Bd6 16. Nc4 Qc7 17. Nxd6 Qxd6 18. Bd2 Ng4 19. Qg3 Qxg3 20. hxg3 Nb4
21. Bxe6 Rxe6 22. Rxe6 fxe6 23. Ne2 Nd3 24. f3 Nf6 25. b3 e5 26. dxe5 Nxe5 27.
Bc3 1/2-1/2

[Event "2MCR_3DE_1L_1S"]
[Site "?"]
[Date "2007.??.??"]
[Round "?"]
[White "Novak, Vratislav"]
[Black "Ryvova, Anna"]
[Result "1/2-1/2"]
[WhiteElo "2292"]
[BlackElo "2254"]
[Annotator "041"]
[PlyCount "57"]
[EventDate "2007.??.??"]
[EventType "corr"]
[EventRounds "1"]
[SourceDate "2007.01.28"]

1. e4 e6 2. d4 d5 3. Nc3 Bb4 4. e5 Ne7 5. a3 Bxc3+ 6. bxc3 c5 7. Qg4 O-O 8. Bd3
f5 9. exf6 Rxf6 10. Bg5 Rf7 11. Qh5 h6 12. Bg6 Rf8 13. Nf3 Nbc6 14. O-O Qc7 15.
Bxe7 Qxe7 16. Rfe1 c4 17. Re3 Bd7 18. Rb1 b6 19. Rbe1 Rf6 20. Nh4 Qf8 21. g4
Ne7 22. g5 Rf4 23. gxh6 Qf6 24. Rh3 Rxh4 25. Bf7+ Kh7 26. Qxh4 g5 27. Qh5 Rf8
28. Rf3 Nf5 29. h4 1/2-1/2

[Event "2MCR_3DE_1L_2S"]
[Site "?"]
[Date "2007.??.??"]
[Round "?"]
[White "Hala, Martin"]
[Black "Bares, Jiri"]
[Result "1/2-1/2"]
[WhiteElo "2368"]
[BlackElo "2214"]
[Annotator "034"]
[PlyCount "47"]
[EventDate "2007.??.??"]
[EventType "corr"]
[EventRounds "1"]
[SourceDate "2007.01.28"]

1. e4 c5 2. Nf3 d6 3. d4 cxd4 4. Nxd4 Nf6 5. Nc3 a6 6. Bc4 e6 7. Bb3 Be7 8. g4
h6 9. h4 Nc6 10. Rg1 Qa5 11. Nxc6 bxc6 12. Bd2 Qe5 13. Qe2 d5 14. O-O-O d4 15.
f4 Qb8 16. Na4 Qb5 17. Qd3 h5 18. gxh5 Qxd3 19. cxd3 Nxh5 20. Nb6 Rb8 21. Nxc8
Rxc8 22. Bc4 Ra8 23. f5 e5 24. Rg4 1/2-1/2

[Event "2MCR_3DE_1L_3S"]
[Site "?"]
[Date "2007.??.??"]
[Round "?"]
[White "Mezera, Lukas"]
[Black "Tomisek, Petr"]
[Result "1-0"]
[WhiteElo "2285"]
[BlackElo "2186"]
[Annotator "034"]
[PlyCount "49"]
[EventDate "2007.??.??"]
[EventType "corr"]
[EventRounds "1"]
[SourceDate "2007.01.28"]

1. Nf3 c5 2. c4 g6 3. e4 Bg7 4. d4 Qa5+ 5. Nc3 Nc6 6. d5 Nd4 7. Bd2 Nxf3+ 8.
Qxf3 d6 9. Bd3 Nf6 10. O-O Ng4 11. Qe2 Qb6 12. f4 Bd7 13. e5 dxe5 14. h3 e4 15.
Nxe4 Nf6 16. Bc3 O-O 17. Nxf6+ Bxf6 18. Be5 Rae8 19. Rae1 Bh4 20. Rd1 Bf6 21.
b3 Bg7 22. Bb1 e6 23. d6 f6 24. Bc3 Re7 25. dxe7 1-0

[Event "2MCR_3DE_1L_1S"]
[Site "?"]
[Date "2007.??.??"]
[Round "?"]
[White "Vozda, Jindrich"]
[Black "Zahour, Jiri"]
[Result "1/2-1/2"]
[WhiteElo "2469"]
[BlackElo "2307"]
[Annotator "042"]
[PlyCount "71"]
[EventDate "2007.??.??"]
[EventType "corr"]
[EventRounds "1"]
[SourceDate "2007.01.28"]

1. e4 c5 2. Nf3 Nc6 3. Bb5 e6 4. O-O Nge7 5. c3 a6 6. Ba4 b5 7. Bc2 Bb7 8. Qe2
Ng6 9. d4 cxd4 10. cxd4 Rc8 11. a4 Nb4 12. Bb3 bxa4 13. Bxa4 Be7 14. Ne5 Nxe5
15. dxe5 O-O 16. Rd1 Qc7 17. Bf4 Rfd8 18. Nc3 d6 19. Rac1 Qb8 20. exd6 Bxd6 21.
Rxd6 Rxd6 22. Bxd6 Qxd6 23. Qe3 Qb8 24. Rd1 Bc6 25. Bb3 h6 26. h3 a5 27. Rd2
Rd8 28. Bc4 Rxd2 29. Qxd2 Qe5 30. Bf1 Kh7 31. f4 Qc5+ 32. Qf2 Qd6 33. e5 Qd7
34. Qe3 Kg8 35. Kh2 h5 36. Be2 1/2-1/2

[Event "2MCR_3DE_1L_3S"]
[Site "?"]
[Date "2007.??.??"]
[Round "?"]
[White "Jirku, Jaroslav"]
[Black "Janocko, Petr"]
[Result "1/2-1/2"]
[WhiteElo "2299"]
[BlackElo "2117"]
[Annotator "035"]
[PlyCount "58"]
[EventDate "2007.??.??"]
[EventType "corr"]
[EventRounds "1"]
[SourceDate "2007.01.28"]

1. e4 c5 2. Nf3 Nc6 3. d4 cxd4 4. Nxd4 Nf6 5. Nc3 e5 6. Ndb5 d6 7. Bg5 a6 8.
Na3 b5 9. Nd5 Be7 10. Bxf6 Bxf6 11. c3 O-O 12. Nc2 Bg5 13. a4 bxa4 14. Rxa4 a5
15. Bc4 Rb8 16. b3 Kh8 17. O-O f5 18. exf5 Bxf5 19. Nce3 Bg6 20. Bd3 Bxd3 21.
Qxd3 Bxe3 22. fxe3 Rxf1+ 23. Qxf1 Rxb3 24. Rc4 Rb5 25. e4 Rc5 26. Rxc5 dxc5 27.
Qb5 Qd6 28. Kf2 h6 29. g3 Kh7 1/2-1/2

[Event "2MCR_3DE_1L_3S"]
[Site "?"]
[Date "2007.??.??"]
[Round "?"]
[White "Ryska, Jiri"]
[Black "Janocko, Petr"]
[Result "1/2-1/2"]
[WhiteElo "2072"]
[BlackElo "2177"]
[Annotator "036"]
[PlyCount "99"]
[EventDate "2007.??.??"]
[EventType "corr"]
[EventRounds "1"]
[SourceDate "2007.01.28"]

1. Nf3 d5 2. d4 Nf6 3. Bf4 c6 4. e3 Bg4 5. Nbd2 e6 6. c3 Nbd7 7. Bd3 Bh5 8. Qc2
Bg6 9. O-O Be7 10. e4 dxe4 11. Nxe4 Nxe4 12. Bxe4 Nf6 13. Bxg6 hxg6 14. Be5 Kf8
15. Rfe1 Rh5 16. Rad1 Kg8 17. a4 b5 18. b3 a6 19. Ra1 a5 20. Red1 Qd5 21. h3
Rc8 22. c4 bxc4 23. bxc4 Qe4 24. Qb3 Bb4 25. Re1 Qf5 26. Re3 g5 27. g4 Nxg4 28.
hxg4 Qxg4+ 29. Bg3 Rd8 30. Rd1 f5 31. c5 f4 32. Rxe6 Kh7 33. Qd3+ Kg8 34. Qe4
Qh3 35. Re8+ Rxe8 36. Qxe8+ Kh7 37. Qe4+ Kg8 38. Bh2 g4 39. Qe6+ Kh7 40. Rd3
gxf3 41. Qxh3 Rxh3 42. Bxf4 g5 43. Bxg5 Kg6 44. Bd8 Kf5 45. Re3 Bd2 46. Re5+
Kg4 47. Re6 Bf4 48. Rxc6 Rh8 49. Bxa5 Kf5 50. Bc3 1/2-1/2

[Event "2MCR_3DE_1L_2S"]
[Site "?"]
[Date "2007.??.??"]
[Round "?"]
[White "Nepustil, Frantisek"]
[Black "Pravec, Ladislav"]
[Result "1/2-1/2"]
[WhiteElo "2335"]
[BlackElo "2352"]
[Annotator "035"]
[PlyCount "41"]
[EventDate "2007.??.??"]
[EventType "corr"]
[EventRounds "1"]
[SourceDate "2007.01.28"]

1. e4 c5 2. d4 cxd4 3. c3 dxc3 4. Nxc3 Nc6 5. Nf3 e6 6. Bc4 a6 7. O-O Nge7 8.
Bg5 h6 9. Be3 Ng6 10. Bb3 Be7 11. Na4 d6 12. Nb6 Rb8 13. Qe2 O-O 14. Rfd1 e5
15. h3 Be6 16. Qd2 Bxb3 17. axb3 Qe8 18. Qd3 Qd8 19. g3 Re8 20. Rac1 Nf8 21.
Kg2 1/2-1/2

[Event "2MCR_3DE_1L_2S"]
[Site "?"]
[Date "2007.??.??"]
[Round "?"]
[White "Houska, Jiri"]
[Black "Canibal, Jaromir"]
[Result "1-0"]
[WhiteElo "2244"]
[BlackElo "2255"]
[Annotator "036"]
[PlyCount "65"]
[EventDate "2007.??.??"]
[EventType "corr"]
[EventRounds "1"]
[SourceDate "2007.01.28"]

1. e4 e5 2. Nf3 Nf6 3. Nxe5 d6 4. Nf3 Nxe4 5. Nc3 Nxc3 6. dxc3 Be7 7. Bf4 O-O
8. Qd2 Bf6 9. O-O-O Be6 10. Kb1 Nd7 11. h4 Nc5 12. Ng5 Bf5 13. f3 h6 14. g4 Bd7
15. Bd3 Bc6 16. Bh7+ Kh8 17. Bf5 Qe7 18. Rhe1 Be5 19. Bg3 g6 20. f4 gxf5 21.
fxe5 f4 22. Bxf4 d5 23. Nf3 Ne4 24. Qe3 Rg8 25. Bxh6 Rxg4 26. Ng5 Nxg5 27. Bxg5
Qe6 28. Bf6+ Kh7 29. Qd3+ Re4 30. Rxe4 dxe4 31. Qe2 Qf5 32. Rf1 Qg6 33. h5 1-0

[Event "2MCR_3DE_1L_3S"]
[Site "?"]
[Date "2007.??.??"]
[Round "?"]
[White "Splichal, Josef"]
[Black "Janocko, Petr"]
[Result "1/2-1/2"]
[WhiteElo "2168"]
[BlackElo "2177"]
[Annotator "037"]
[PlyCount "65"]
[EventDate "2007.??.??"]
[EventType "corr"]
[EventRounds "1"]
[SourceDate "2007.01.28"]

1. e4 c5 2. Nf3 Nc6 3. Bb5 g6 4. Nc3 Bg7 5. O-O e5 6. d3 Nge7 7. Bg5 a6 8. Bc4
h6 9. Be3 b5 10. Bb3 Nd4 11. Nd2 O-O 12. Bxd4 exd4 13. Nd5 Bb7 14. Qf3 Nxd5 15.
Bxd5 Bxd5 16. exd5 d6 17. a4 Re8 18. Rfe1 Rxe1+ 19. Rxe1 Qa5 20. Re7 Rf8 21.
Qd1 Qxa4 22. b3 Qa5 23. f4 Qd8 24. Ra7 Qb6 25. Re7 Qd8 26. Ra7 Qb6 27. Re7 a5
28. Ne4 a4 29. f5 a3 30. f6 Bh8 31. Qc1 Qa5 32. b4 Qxb4 33. Ra7 1/2-1/2

[Event "2MCR_3DE_1L_3S"]
[Site "?"]
[Date "2007.??.??"]
[Round "?"]
[White "Vojtek, Frantisek"]
[Black "Splichal, Josef"]
[Result "1/2-1/2"]
[WhiteElo "2196"]
[BlackElo "2168"]
[Annotator "038"]
[PlyCount "71"]
[EventDate "2007.??.??"]
[EventType "corr"]
[EventRounds "1"]
[SourceDate "2007.01.28"]

1. e4 e5 2. Nf3 Nc6 3. Bb5 Nf6 4. O-O Nxe4 5. d4 Nd6 6. Bxc6 dxc6 7. dxe5 Nf5
8. Qxd8+ Kxd8 9. Nc3 h6 10. b3 Be7 11. Ne2 Bd7 12. Bb2 Kc8 13. Rad1 Rd8 14. h3
g5 15. Rd3 c5 16. Nc3 Bc6 17. Rfd1 Rxd3 18. Rxd3 Bf8 19. Nd5 a5 20. c4 a4 21.
Nh2 axb3 22. axb3 Nh4 23. g3 Ng6 24. Ng4 Ra2 25. Bc3 Bxd5 26. cxd5 Ra3 27. Bb2
c4 28. Bxa3 cxd3 29. Bxf8 h5 30. Ne3 Nxf8 31. Kg2 Ng6 32. e6 fxe6 33. dxe6 Kd8
34. Kf3 Ke7 35. Ke4 d2 36. Kd3 1/2-1/2

[Event "2MCR_3DE_1L_3S"]
[Site "?"]
[Date "2007.??.??"]
[Round "?"]
[White "Ryska, Jiri"]
[Black "Riha, Jan"]
[Result "1/2-1/2"]
[WhiteElo "2072"]
[BlackElo "2277"]
[Annotator "039"]
[PlyCount "72"]
[EventDate "2007.??.??"]
[EventType "corr"]
[EventRounds "1"]
[SourceDate "2007.01.28"]

1. Nf3 Nf6 2. d4 e6 3. Bg5 c5 4. Nc3 cxd4 5. Qxd4 Be7 6. e4 Nc6 7. Qd2 h6 8.
Bh4 O-O 9. O-O-O d5 10. Bxf6 Bxf6 11. exd5 Bxc3 12. Qxc3 exd5 13. Bb5 Bf5 14.
Bd3 Be6 15. Kb1 Rc8 16. Rhe1 Qb6 17. Qd2 Rfe8 18. c3 Qa5 19. Nd4 Nxd4 20. cxd4
Qb6 21. Qf4 a5 22. g4 a4 23. a3 Rc3 24. g5 hxg5 25. Qxg5 Kf8 26. Rg1 Rxa3 27.
Qxg7+ Ke7 28. Qg5+ Kd7 29. Bc2 Rc8 30. Rc1 Rc4 31. Bf5 Rf3 32. Bxe6+ Qxe6 33.
Rxc4 dxc4 34. Qb5+ Qc6 35. Qa5 c3 36. Rc1 Qe4+ 1/2-1/2

[Event "2MCR_3DE_1L_3S"]
[Site "?"]
[Date "2007.??.??"]
[Round "?"]
[White "Janocko, Petr"]
[Black "Cakl, Zdenek"]
[Result "1-0"]
[WhiteElo "2177"]
[BlackElo "2137"]
[Annotator "040"]
[PlyCount "51"]
[EventDate "2007.??.??"]
[EventType "corr"]
[EventRounds "1"]
[SourceDate "2007.01.28"]

1. e4 c5 2. Nf3 Nc6 3. d4 cxd4 4. Nxd4 d6 5. Nc3 Nf6 6. Bg5 e6 7. Qd2 a6 8.
O-O-O h6 9. Be3 Bd7 10. f3 b5 11. g4 Qc7 12. Rg1 b4 13. Nce2 e5 14. Nxc6 Bxc6
15. h4 d5 16. g5 hxg5 17. hxg5 Nh5 18. g6 Nf6 19. gxf7+ Qxf7 20. Rg5 O-O-O 21.
Rxe5 Bd6 22. Nd4 Bb7 23. Bf4 g6 24. Ne6 Bxe5 25. Nxd8 Bxf4 26. Nxf7 1-0

[Event "2MCR_3DE_1L_2S"]
[Site "?"]
[Date "2007.??.??"]
[Round "?"]
[White "Nepustil, Frantisek"]
[Black "Houska, Jiri"]
[Result "1/2-1/2"]
[WhiteElo "2335"]
[BlackElo "2244"]
[Annotator "037"]
[PlyCount "42"]
[EventDate "2007.??.??"]
[EventType "corr"]
[EventRounds "1"]
[SourceDate "2007.01.28"]

1. e4 c5 2. d4 cxd4 3. c3 Nf6 4. e5 Nd5 5. cxd4 d6 6. Bc4 e6 7. Nf3 Nc6 8. O-O
Be7 9. Qe2 O-O 10. Nc3 Nxc3 11. bxc3 dxe5 12. dxe5 Qa5 13. Rd1 Qxc3 14. Bd2 Qa3
15. Bf4 Qa5 16. h4 Rd8 17. Rxd8+ Qxd8 18. Rd1 Qc7 19. Bd3 Bd7 20. Bxh7+ Kxh7
21. Qd3+ Kg8 1/2-1/2

[Event "2MCR_3DE_1L_3S"]
[Site "?"]
[Date "2007.??.??"]
[Round "?"]
[White "Schwarz, Jan"]
[Black "Fric, Pavel"]
[Result "1/2-1/2"]
[WhiteElo "2266"]
[BlackElo "2184"]
[Annotator "041"]
[PlyCount "97"]
[EventDate "2007.??.??"]
[EventType "corr"]
[EventRounds "1"]
[SourceDate "2007.01.28"]

1. e4 c5 2. Nf3 d6 3. d4 cxd4 4. Nxd4 Nf6 5. Nc3 a6 6. Be3 e5 7. Nb3 Be6 8. f3
Be7 9. Qd2 O-O 10. O-O-O Nbd7 11. g4 Qc7 12. g5 Nh5 13. Kb1 Rfc8 14. Nd5 Bxd5
15. exd5 a5 16. a3 a4 17. Nc1 Nb6 18. Na2 Nc4 19. Bxc4 Qxc4 20. Rhg1 Qa6 21.
Nb4 Qb5 22. f4 exf4 23. Bxf4 g6 24. Be3 f5 25. gxf6 Bxf6 26. Bd4 Bxd4 27. Qxd4
Rc4 28. Qe3 Re8 29. Qf3 Ng7 30. Rdf1 Qd7 31. Nd3 Qe7 32. Qg3 Nh5 33. Qf2 Re4
34. Qa7 Qd7 35. Qb6 Ng7 36. Nf2 Rc4 37. Nd1 Nf5 38. Re1 Rh4 39. Rxe8+ Qxe8 40.
Qxb7 Rxh2 41. Nc3 Rh4 42. Rg2 h5 43. Re2 Qf7 44. Qb6 Kg7 45. Re6 Nd4 46. Re1
Nf3 47. Rd1 Qf4 48. Qa7+ Kh6 49. Qa8 1/2-1/2